| 000 | 00485nam a2200157Ia 4500 | ||
|---|---|---|---|
| 008 | 210716s2005 xx 000 0 und d | ||
| 020 | _a8176292648 | ||
| 041 | _aeng | ||
| 082 | _a331.8 SINN | ||
| 100 | _aSingh, Nirmal; Bhatia, S K. | ||
| 245 |
_aIndustrial relations and collective bargaining: theory and practice. _bTheory and practice. |
||
| 250 | _a1 | ||
| 260 |
_aNew Delhi _bDeep and deep publications pvt. ltd _c2005 |
||
| 300 | _axxvii,362 | ||
| 650 | _aLabor economics(331) | ||
| 999 |
_c199834 _d199834 |
||